1602 1784 1509 1688 1792 1638 1354 1290 1845 1213 1627 1414 1427 1276 1471 1088 1150 1405 1684 1568 1346 1608 1071 1271 1200 1307 1420 1855 1723 1188 1133 1266 1148 1943 1764 1308 1718 1810 1815 1705 1566 1842 1733 1834 1828 1650 1299 1244 1587 1280 1699 1460 1503 1206 1351 1332 1924 1903 1871 1112 1759 1659 1678 1505 1090 1615 1372 1205 1345 1193 1322 1613 1699 1902 1251 1267 1776 1068 1829 1717 1358 1708 1407 1607 1323 1449 1325 1890 1577 1593 1805 1839 1787 1032 1481 1535 1081 1570 1154 BCNSPRNW ULIB Ver.6.0+V

เปลี่ยนเป็นภาษาไทย

Change to English
 แสดงรายละเอียดบรรณานุกรม
  กลับหน้าหลัก

Brief Record : Get Marc (ISO 2709) : E-mail record : QR code < ปิดหน้าต่าง
LEADER : 00000nam 2200000uu 4500
001    13399113187
003     ULIB
008    110627s2541||||th 000 0 tha d
020    9789749698916
090    นว.^bจ892ก 25441
100 0  โจนาธาน สเตราด์
245 00 โกเล็มส์อาย ไตรภาคบาร์ติเมอัส = The Golem s eye/^cโจนาธาน สเตราด์
260    กรุงเทพฯ :^bเนชั่นบุ๊คส์,^c2541
300    620 หน้า
710 1  เนชั่นบุ๊คส์
945    ^p365^l0^i019609
995    ทศพร
999 ^a ใช้งานได้ทุกระบบ
รายการนี้ยังไม่มีแท็ก
คุณยังไม่ได้ล็อกอิน คุณสามารถมีกิจกรรมร่วมกับเว็บไซต์ได้ แต่ต้องล็อกอินก่อน ::
  ล็อกอิน

รายการสื่อสารสนเทศ

ลำดับที่ ประเภท เลขเรียก/บาร์โค้ด สถานที่ สถานะ
- ไม่พบข้อมูล -

BibComment


ยังไม่เคยถูกคอมเมนท์

คอมเมนท์ทรัพยากรรายการนี้
  คอมเมนท์: โกเล็มส์อาย ไตรภา..


 Copyright 2026. Bcnsprnw @Library